| 000 | 00605cam a2200241ua 4500 | ||
|---|---|---|---|
| 020 |
_a0-07-085906-x _c$8.75 |
||
| 041 |
_aeng _h |
||
| 082 |
_a532.54 _bCHO/OP |
||
| 100 | _aChow, Vente . | ||
| 245 |
_aOpen-channel hydraulics / _cVente Chow. _hTextual Documents |
||
| 250 |
_a1 / _b. |
||
| 260 |
_a : _bMc Graw Hill Book Company , _c1959. |
||
| 300 |
_a680 : _b` ; . |
||
| 365 | _a$8.75 | ||
| 500 | _a18335, 18336, 18337 Scheme | ||
| 504 | _a | ||
| 942 | _cBK | ||
| 999 |
_c1778 _d1778 |
||